000 00335nam a2200133Ia 4500
008 240624s9999 xx 000 0 und d
041 _aeng
082 _a332.01 CHE
100 _aCHERUBINI UMBERTO
245 _aDYNAMIC COPULA METHODS IN FINANCE
260 _c2012
_aNew Jersey
_bWiley
300 _ax, 274 p.; 23 cm.
365 _c
_b28
999 _c30286
_d30286